000 00729nam a22002537a 4500
001 119196
003 UA-OsUOA
005 20240731121027.0
007 ta
008 20161010b un ||||| |||| 00| 0 ukr d
020 _a966-7919-03-Х
040 _aUA-OsUOA
_bukr
_cUA-OsUOA
_dUA-OsUOA
041 _aukr
080 _a821.161.2
090 _a821.161.2
_bХ17
100 _aХало О.
_93665
245 _aСеверин Наливайко
_bпоема
_cОльга Хало
260 _aЛубни
_bЛубни
_c2001
300 _a48 с.
650 7 _a82 Література. Літературознавство
_2UDC
_915
942 _cBK
_2udc
955 _a3
999 _c405100
_d405100